| RUSMARC |
| 000 | | | 06395nmc2a22002773x 450 | | 001 | | | 0757b116-8cdb-4669-b72d-4aa129158c82 | | 005 | | | 20241210180122.0 | | 100 | ## | $a | 20241016l17941794k l0rusy0189 ca | | 101 | 0# | $a | rus | | 102 | ## | $a | RU | | 105 | ## | $a | y### | | 122 | 2# | $a | d | | 200 | 1# | $a | Ведомости о состоянии училищ Екатеринославской губернии, об открытии Главного народного училища с приложением торжественного описания | | | $j | 3 февраля - 26 марта 1794 г. | | 215 | ## | $a | 5 л. | | | $d | 32,5х20 см | | 251 | ## | $c | Дело | | 300 | ## | $a | Василий Коховский, Николай [Ильшенецкий], Иван Бебер, Лаврентий Астафьев; в должности секретаря Кондрат Василевич | | 300 | ## | $a | На обложке указано: "Екатеринослав" | | 300 | ## | $a | Ориг. заголовок дела: Дело в Главное училищное правительство из Екатеринославского приказа общественного призрения. Приказ общественного призрения во исполнение высочайшего ее императорского величества узаконений и в соответствие сделанного в нем особого протокола открыл Градижского уезда в местечке Кобыляке Малое народное училище в назначенный по тому протоколу день, минувшего 22 января, под руководством нарочно отряженных к тому: местного Главного народного училища директора, надворного советника и кавалера Бебера, и члена приказа от дворянства, заседателя Астафьева, при открытии которого принято учеников, представленных от разного звания и состояния людей сорок два. По числу этому определены для изучения их в показанное училище и учителя, выписанные из Полтавской семинарии и испытанные законным порядком, в знании правил, предограниченных в уставе, высочайше о народных училищах изданном, классов: 2-го - Григорий Хилецкий, а 1-го - Василий Каменский. Каков же при этом открытии в полном удовольствии зрителей действовал образ порядка, о том сочиненный обряд, при этом Главному училищному правительству приказ общественного призрения препровождает. 3 февраля 1794 г. - 26 марта 1794 г | | 371 | ## | $a | Документ не является опубликованным и широко распространяемым | | 461 | #0 | $1 | 00174716ac7-ef0a-4ce9-889f-df06b5c6e13c | | | $1 | 2001 | | | $a | Комиссия об учреждении народных училищ | | | $1 | 251 | | | $c | Фонд | | | $1 | 852 | | | $j | 730 | | 462 | #0 | $1 | 001e6616291-8022-4671-9001-59f853d67170 | | | $1 | 2001 | | | $a | Журналы заседаний и определения Комиссии; ведомости приказов общественного призрения о состоянии и бюджете училищ, учителях, успехах учеников | | | $1 | 251 | | | $c | Опись | | | $1 | 852 | | | $j | 2 | | 517 | 1# | $a | Дело в Главное училищное правительство из Екатеринославского приказа общественного призрения. Приказ общественного призрения во исполнение высочайшего ее императорского величества узаконений и в соответствие сделанного в нем особого протокола открыл Градижского уезда в местечке Кобыляке Малое народное училище в назначенный по тому протоколу день, минувшего 22 января, под руководством нарочно отряженных к тому: местного Главного народного училища директора, надворного советника и кавалера Бебера, и члена приказа от дворянства, заседателя Астафьева, при открытии которого принято учеников, представленных от разного звания и состояния людей сорок два. По числу этому определены для изучения их в показанное училище и учителя, выписанные из Полтавской семинарии и испытанные законным порядком, в знании правил, предограниченных в уставе, высочайше о народных училищах изданном, классов: 2-го - Григорий Хилецкий, а 1-го - Василий Каменский. Каков же при этом открытии в полном удовольствии зрителей действовал образ порядка, о том сочиненный обряд, при этом Главному училищному правительству приказ общественного призрения препровождает. 3 февраля 1794 г. - 26 марта 1794 г | | 801 | #0 | $a | RU | | | $b | РГИА | | | $c | 20241016 | | | $g | RCR | | 801 | #1 | $a | RU | | | $b | ГлавНИВЦ | | | $c | 20241016 | | | $2 | rusmarc | | 801 | #2 | $a | RU | | | $b | ПБ им. Б.Н. Ельцина | | | $c | 20241210 | | | $g | RCR | | | $2 | rusmarc | | 850 | ## | $a | РГИА | | 852 | ## | $a | РГИА | | | $e | Федеральное казенное учреждение "Российский государственный исторический архив" (РГИА) | | | $j | 1996 | | 937 | ## | $h | РГИА | | | $d | 12413460 | | | $a | ASBIBLIO_SCAN | | 035 | ## | $a | RusGRCC00080633 | | 856 | ## | $u | http://readingroom.main.prlib.ru/item.aspx?id_node=n195254982&mode=full |
|